| 000 | 01785nam a2200409 c 4500 | ||
|---|---|---|---|
| 003 | BLK | ||
| 005 | 20180420230455.0 | ||
| 008 | 180409b bul|||||r ||||||| ||bul|| | ||
| 010 | _aKNG00112527000 | ||
| 020 |
_a954-775-287-1 _bиздат.: Фабер |
||
| 040 | _aBLK | ||
| 041 |
_aBUL _cBUL |
||
| 080 |
_aСъобщителна техника. Вж и 621.3.09. Организация и експлоатация на съобщенията вж 654 _b621.39 _x _z621.39 |
||
| 080 |
_aАпаратура за предаване на цифрови данни, например по телеграф или радио _b681.327.8 _x _z681.327.8 |
||
| 100 | 1 |
_aПопов, Методи _eпърви автор _9310858 |
|
| 700 | 1 |
_aКалбанов, Михаил _eсъавт. _9310859 |
|
| 139 |
_aПопов, Методи и др. _bП 76 |
||
| 245 | 1 | 0 |
_a[АйСиДиЕн] ISDN - нова мрежова и информационна технология _cМетоди Попов; съавт. Михаил Калбанов. |
| 257 | _aBGR | ||
| 260 |
_аВ. Търново _bФабер _c2004 |
||
| 300 |
_a231 с. _bс табл., сх. _c20 см |
||
| 380 | _a62 | ||
| 500 | _aОфс. изд. - Библиогр. с.226-227. | ||
| 504 | _a226-227 | ||
| 650 | 4 |
_aЦифрови мрежи и технологии _9289805 |
|
| 650 | 4 |
_aСъобщителни линии и мрежи _9259486 |
|
| 650 | 4 |
_aТелекомуникации _9173397 |
|
| 653 | _aцифрови мрежи | ||
| 653 | _aцифрови технологии | ||
| 653 | _aсъобщителни линии и мрежи | ||
| 653 | _aтелекомуникации | ||
| 852 | _aЦб 219129 | ||
| 856 | 4 |
_qpdf _u |
|
| 856 | 4 |
_qpdf _u |
|
| 942 |
_cKNG _n0 |
||
| 944 |
_aCR _c22.04.2004 _kЦветанка_Енчева |
||
| 944 |
_aED _c13.10.2005 _k |
||
| 999 |
_c107251 _d107251 |
||